| Art - Music/Opera | 5 | 14.00 | 80% | 60% | 0% |
| Art - Other | 1 | 20.00 | 100% | 100% | 0% |
| Art - Painting/Sculpture | 5 | 10.00 | 100% | 0% | 0% |
| Art - Visual | 4 | 15.00 | 100% | 50% | 0% |
| Current Events/Modern World - Mixed/Any | 1 | 20.00 | 100% | 100% | 0% |
| Current Events/Modern World - United States social | 1 | 10.00 | 100% | 0% | 0% |
| Current Events/Modern World - Western social | 1 | 10.00 | 100% | 0% | 0% |
| Geography - Europe | 1 | 20.00 | 100% | 100% | 0% |
| Geography - Mixed/any | 1 | 20.00 | 100% | 0% | 100% |
| Geography - Non-U.S. Americas | 1 | 10.00 | 100% | 0% | 0% |
| Geography - Oceania/Pacific | 1 | 20.00 | 100% | 0% | 100% |
| Geography - United States | 1 | 10.00 | 100% | 0% | 0% |
| History - American | 9 | 18.89 | 100% | 67% | 22% |
| History - European | 5 | 16.00 | 100% | 40% | 20% |
| History - Other | 6 | 10.00 | 100% | 0% | 0% |
| History - World | 9 | 15.56 | 100% | 44% | 11% |
| Literature - American long fiction | 1 | 10.00 | 100% | 0% | 0% |
| Literature - American poetry | 1 | 0.00 | 0% | 0% | 0% |
| Literature - British long fiction | 2 | 15.00 | 100% | 50% | 0% |
| Literature - British poetry | 2 | 15.00 | 100% | 50% | 0% |
| Literature - British short fiction | 1 | 10.00 | 100% | 0% | 0% |
| Literature - European long fiction | 1 | 20.00 | 100% | 100% | 0% |
| Literature - European poetry | 1 | 10.00 | 100% | 0% | 0% |
| Literature - World/Misc any | 2 | 20.00 | 100% | 100% | 0% |
| Literature - World/Misc poetry | 1 | 20.00 | 100% | 100% | 0% |
| Literature - World/Misc short fiction | 1 | 10.00 | 100% | 0% | 0% |
| Mythology - Egyptian | 1 | 10.00 | 100% | 0% | 0% |
| Mythology - Greco/Roman | 2 | 15.00 | 100% | 0% | 50% |
| Mythology - Hindu | 1 | 20.00 | 100% | 100% | 0% |
| Mythology - Mixed/Any | 1 | 10.00 | 100% | 0% | 0% |
| Mythology - Norse | 1 | 10.00 | 100% | 0% | 0% |
| Other Academic/Cross-Category - Any | 1 | 10.00 | 100% | 0% | 0% |
| Philosophy - Enlightenment | 1 | 20.00 | 100% | 100% | 0% |
| Philosophy - Medieval | 1 | 10.00 | 100% | 0% | 0% |
| Philosophy - Mixed/Any | 1 | 10.00 | 100% | 0% | 0% |
| Philosophy - Pre-20th | 2 | 10.00 | 100% | 0% | 0% |
| Religion - Buddhism | 1 | 10.00 | 100% | 0% | 0% |
| Religion - Islam | 1 | 10.00 | 100% | 0% | 0% |
| Science - Astronomy | 1 | 10.00 | 100% | 0% | 0% |
| Science - Biology | 4 | 17.50 | 100% | 75% | 0% |
| Science - Chemistry | 4 | 12.50 | 75% | 50% | 0% |
| Science - Compsci | 1 | 10.00 | 100% | 0% | 0% |
| Science - Earth | 1 | 20.00 | 100% | 100% | 0% |
| Science - Engineering | 1 | 20.00 | 100% | 100% | 0% |
| Science - Other | 2 | 20.00 | 100% | 100% | 0% |
| Science - Physics | 7 | 15.71 | 86% | 57% | 14% |
| Social Science - Anthropology | 2 | 5.00 | 50% | 0% | 0% |
| Social Science - Economics | 2 | 5.00 | 50% | 0% | 0% |
| Social Science - Law | 1 | 10.00 | 100% | 0% | 0% |
| Social Science - Linguistics | 1 | 0.00 | 0% | 0% | 0% |
| Social Science - Mixed/Any | 2 | 15.00 | 50% | 100% | 0% |
| Social Science - Sociology | 1 | 0.00 | 0% | 0% | 0% |